000 00891cam a2200241 4500
001 ABS62296
008 000000n2000 000 0 eng u
035 _a(Sirsi) u106298
100 _aReeds, J.
245 _aMore than just hot air
260 _c2000
490 _aContract Journal
_v403(6277) 17 May 2000, 14-15(2)
520 _aIn the light of the recent government strategy document "Building a Better Quality of Life", examines views on the meaning of sustainable development and construction, and whether it makes good business sense.
590 _aABS
650 _aBUILDING A BETTER QUALITY OF LIFE
650 _aSUSTAINABLE DEVELOPMENT
650 _aENVIRONMENTAL MANAGEMENT SYSTEMS
650 _aWHOLE-LIFE COSTING
650 _aENVIRONMENTAL PROTECTION
650 _aECONOMIC SUSTAINABILITY
690 _aBUILT ENVIRONMENT-SUSTAINABLE CONSTRUCTION
942 _n0
999 _c63661
_d63661